Taxonomic and micromorphological studies of Grewia L. and Microcos L. (Tiliaceae) in Peninsular Malaysia and Borneo /
Saved in:
| Main Author: | |
|---|---|
| Format: | Thesis Book |
| Language: | English |
| Published: |
2001.
|
| Subjects: | |
| Tags: |
Add Tag
No Tags, Be the first to tag this record!
|
| LEADER | 00953cam a2200265 a 4500 | ||
|---|---|---|---|
| 001 | u487800 | ||
| 003 | SIRSI | ||
| 008 | 940711s2001 my a t 00 10 eng m | ||
| 035 | |a ACQ-9450 | ||
| 040 | |a UMM | ||
| 043 | |a a-my--- |b a-bn--- | ||
| 090 | |a QK641 |b Chu | ||
| 100 | 1 | 0 | |a Chung, Richard Cheng Kong. |
| 245 | 1 | 0 | |a Taxonomic and micromorphological studies of Grewia L. and Microcos L. (Tiliaceae) in Peninsular Malaysia and Borneo / |c Richard Chung Cheng Kong. |
| 260 | |c 2001. | ||
| 300 | |a xix, 563 leaves : |b ill. ; |c 29 cm. | ||
| 502 | |a Thesis (Ph.D.) -- Institut Sains Biologi, Fakulti Sains, Universiti Malaya, 2001. | ||
| 504 | |a Bibliography: leaves 463-479. | ||
| 650 | 0 | |a Plant morphology. | |
| 650 | 0 | |a Grewia | |
| 650 | 0 | |a Microcos | |
| 710 | 0 | |a Universiti Malaya. |b Institut Sains Biologi. | |
| 948 | |a 14/09/2001 |b 18/02/2004 | ||
| 596 | |a 1 | ||
| 999 | |a QK641 CHU |w LC |c 1 |i A510576237 |d 14/7/2009 |e 14/7/2009 |l STACKS |m P01UTAMA |n 1 |r Y |s Y |t TESIS |u 22/5/2002 | ||
